000 00379nam a22001577a 4500
003 MPLRDC
005 20220104143455.0
008 210129b ||||| |||| 00| 0 eng d
082 _a426.2 XM
100 _a筱梅编著
245 _a装饰英文字母刺绣法
_c
260 _a
_b香港捷艺出社
_c1977
300 _b
650 _a家庭刺绣
942 _cBK
_o426.2 XM
999 _c40257
_d40247